000 00270 a2200121 4500
000 nam a22 7a 4500
005 20260507132802.0
020 _a9789389830378
100 _aSanjeev
245 _aMujhe pahachaano
260 _bSetu Prakashan
_c2020
942 _cTEXL
999 _c1851093
_d1851093